Bats of the genera Anoura and Lonchoglossa, (Record no. 18524)
[ view plain ]
| 000 -LEADER | |
|---|---|
| fixed length control field | 00802cam a22002291 4500 |
| 001 - CONTROL NUMBER | |
| control field | cd 37000022 |
| 003 - CONTROL NUMBER IDENTIFIER | |
| control field | DLC |
| 005 - DATE AND TIME OF LATEST TRANSACTION | |
| control field | 20260227111147.0 |
| 008 - FIXED-LENGTH DATA ELEMENTS--GENERAL INFORMATION | |
| fixed length control field | 750318||||| xx 000 0 eng |
| 010 ## - LIBRARY OF CONGRESS CONTROL NUMBER | |
| LC control number | cd 37000022 |
| 035 ## - SYSTEM CONTROL NUMBER | |
| System control number | (OCoLC)1220900 |
| 040 ## - CATALOGING SOURCE | |
| Original cataloging agency | DLC |
| Transcribing agency | MeB |
| Modifying agency | DLC |
| 050 00 - LIBRARY OF CONGRESS CALL NUMBER | |
| Classification number | QL1 |
| Item number | .F4 vol. 20, no. 5 |
| 051 ## - LIBRARY OF CONGRESS COPY, ISSUE, OFFPRINT STATEMENT | |
| Classification number | QL737.C5 |
| Item number | S315 |
| 100 1# - MAIN ENTRY--PERSONAL NAME | |
| Personal name | Sanborn, Colin Campbell, |
| Dates associated with a name | 1897-1962. |
| 245 10 - TITLE STATEMENT | |
| Title | Bats of the genera Anoura and Lonchoglossa, |
| Statement of responsibility, etc. | by Colin Campbell Sanborn... |
| 500 ## - GENERAL NOTE | |
| General note | (In Zoological series of Field Museum of Natural History. Chicago, 1933-1938. 24 cm. v. 20 [no. 5] p. [23]-27) |
| 500 ## - GENERAL NOTE | |
| General note | In lower left corner: no. 323. |
| 650 #0 - SUBJECT ADDED ENTRY--TOPICAL TERM | |
| Topical term or geographic name entry element | Bats |
| 810 2# - SERIES ADDED ENTRY--CORPORATE NAME | |
| Corporate name or jurisdiction name as entry element | Chicago Natural History Museum. |
| Title of a work | Publications ; |
| Volume/sequential designation | 323. |
| 830 #0 - SERIES ADDED ENTRY--UNIFORM TITLE | |
| Uniform title | Fieldiana: zoology ; |
| Volume/sequential designation | v. 20, no. 5. |
No items available.